| 000 | 01044nac a22002891i 4500 | ||
|---|---|---|---|
| 003 | EG-ScBUE | ||
| 005 | 20240313130748.0 | ||
| 008 | 240313s2003 e f b 001 0 eng d | ||
| 020 | _a185984488X | ||
| 020 | _a9781859844885 | ||
| 040 |
_aEG-ScBUE _beng _erda _cEG-ScBUE _dEG-ScBUE |
||
| 082 | 0 | 4 |
_a940.5318 _bFIN _222 |
| 100 | 1 |
_aFinkelstein, Norman G., _eauthor. |
|
| 245 | 1 | 4 |
_aThe Holocaust industry : _breflections on the exploitation of Jewish suffering / _cNorman G. Finkelstein. |
| 250 | _aSecond edition. | ||
| 264 | 1 |
_aLondon ; _aNew York : _bVerso, _c2003. |
|
| 300 |
_axviii, 286 pages ; _c19 cm |
||
| 336 |
_2rdacontent _atext _btxt |
||
| 337 |
_aunmediated _2rdamedia _bn |
||
| 338 |
_avolume _bnc _2rdacarrier |
||
| 504 | _aIncludes bibliographical references and index. | ||
| 650 | 7 |
_aHolocaust, Jewish (1939-1945) _xForeign public opinion, American. _2BUEsh |
|
| 650 | 7 |
_aHolocaust, Jewish (1939-1945) _xInfluence. _2BUEsh |
|
| 650 | 7 |
_aPublic opinion _zUnited States. _2BUEsh |
|
| 655 | _vReading book | ||
| 942 |
_cBB _2ddc |
||
| 999 |
_c2706 _d2706 |
||